000
00260 a2200109 4500
000
nam a22 7a 4500
005
20260109165423.0
100
_a
Taneja, H.C.
_9
863604
245
_a
Advanced Engineering Mathematics
260
_b
Wiley
_c
2024
942
_c
TEXL
999
_c
1467465
_d
1467465